|
|
|
|
| LEADER |
00000cam a2200000 c 4500 |
| 001 |
1777205700 |
| 003 |
DE-627 |
| 005 |
20251226195701.0 |
| 007 |
tu |
| 008 |
211110s2022 gw ||||| m 00| ||ger c |
| 015 |
|
|
|a 21,N45
|2 dnb
|
| 016 |
7 |
|
|a 124502387X
|2 DE-101
|
| 020 |
|
|
|a 9783374071135
|c hbk : EUR 98.00 (DE), EUR 100.80 (AT)
|9 978-3-374-07113-5
|
| 020 |
|
|
|a 3374071139
|9 3-374-07113-9
|
| 024 |
3 |
|
|a 9783374071135
|
| 035 |
|
|
|a (DE-627)1777205700
|
| 035 |
|
|
|a (DE-599)DNB124502387X
|
| 035 |
|
|
|a (OCoLC)1284993894
|
| 040 |
|
|
|a DE-627
|b ger
|c DE-627
|e rda
|
| 041 |
|
|
|a ger
|
| 044 |
|
|
|c XA-DE-SN
|
| 082 |
0 |
|
|a 274.3324
|q DE-101
|
| 082 |
0 |
4 |
|a 230
|a 943
|q DE-101
|
| 084 |
|
|
|a 1
|2 ssgn
|
| 084 |
|
|
|a BP 3500
|2 rvk
|0 (DE-625)rvk/14992:
|
| 084 |
|
|
|a BQ 8120
|q DE-24/22sred
|2 rvk
|0 (DE-625)rvk/15663:
|
| 084 |
|
|
|a 323
|2 bwlb
|
| 084 |
|
|
|a 739
|2 bwlb
|
| 084 |
|
|
|a 11.54
|2 bkl
|
| 084 |
|
|
|a 11.55
|2 bkl
|
| 084 |
|
|
|a 11.73
|2 bkl
|
| 100 |
1 |
|
|e VerfasserIn
|0 (DE-588)1256040037
|0 (DE-627)1800085885
|4 aut
|a Will, Katharina
|d 1989-
|
| 109 |
|
|
|a Will, Katharina 1989-
|
| 245 |
1 |
0 |
|a Stiftungen und Reformation
|b eine vergleichende Studie zur Transformation des Stiftungswesens in den Reichsstädten Nürnberg und Ulm im 16. und frühen 17. Jahrhundert
|c Katharina Will
|
| 264 |
|
1 |
|a Leipzig
|b Evangelische Verlagsanstalt
|c [2022]
|
| 264 |
|
4 |
|c © 2022
|
| 300 |
|
|
|a 362 Seiten
|c 23 cm x 15.5 cm
|
| 336 |
|
|
|a Text
|b txt
|2 rdacontent
|
| 337 |
|
|
|a ohne Hilfsmittel zu benutzen
|b n
|2 rdamedia
|
| 338 |
|
|
|a Band
|b nc
|2 rdacarrier
|
| 490 |
1 |
|
|a Arbeiten zur Kirchen- und Theologiegeschichte
|v Band 58
|
| 500 |
|
|
|a Quellen- und Literaturverzeichnis: Seite 279-334
|
| 500 |
|
|
|a "Die vorliegende Studie wurde im Sommersemester 2020 von der Augustana-Hochschule Neuendettelsau als Dissertation angenommen. Für die Druckfassung habe ich sie geringfügig überarbeitet..." (s. Danksagung, Seite 5)
|
| 502 |
|
|
|b Dissertation
|c Augustana-Hochschule Neuendettelsau
|d 2021
|
| 583 |
1 |
|
|a Archivierung/Langzeitarchivierung gewährleistet
|f PESN
|x XA-DE-SN
|2 pdager
|5 DE-14
|
| 583 |
1 |
|
|a Archivierung/Langzeitarchivierung gewährleistet
|f FID
|x XA-DE-BW
|2 pdager
|5 DE-21
|
| 601 |
|
|
|a Stiftung
|
| 601 |
|
|
|a Vergleich
|
| 601 |
|
|
|a Transformation
|
| 601 |
|
|
|a Reichsstadt
|
| 648 |
|
7 |
|a Geschichte 1500-1600
|2 gnd
|7 (dpeaa)DE-631
|
| 648 |
|
7 |
|a Geschichte 1600-1700
|2 gnd
|7 (dpeaa)DE-631
|
| 648 |
|
4 |
|a Neuzeit 1500-1600
|0 (DE-631)35936
|7 (dpeaa)DE-631
|
| 648 |
|
4 |
|a Neuzeit 1600-1700
|0 (DE-631)36337
|7 (dpeaa)DE-631
|
| 650 |
0 |
7 |
|0 (DE-588)4048946-2
|0 (DE-627)104364165
|0 (DE-576)209079851
|a Reformation
|2 gnd
|7 (dpeaa)DE-631
|
| 650 |
0 |
7 |
|0 (DE-588)4057542-1
|0 (DE-627)104221615
|0 (DE-576)209122390
|a Stiftung
|2 gnd
|7 (dpeaa)DE-631
|
| 651 |
|
7 |
|0 (DE-588)4042742-0
|0 (DE-627)106212834
|0 (DE-576)209052325
|a Nürnberg
|2 gnd
|7 (dpeaa)DE-631
|
| 651 |
|
7 |
|0 (DE-588)4061529-7
|0 (DE-627)106135341
|0 (DE-576)209140232
|a Ulm
|2 gnd
|7 (dpeaa)DE-631
|
| 652 |
|
|
|a RA:RF
|
| 655 |
|
7 |
|a Hochschulschrift
|0 (DE-588)4113937-9
|0 (DE-627)105825778
|0 (DE-576)209480580
|2 gnd-content
|
| 689 |
0 |
0 |
|d g
|0 (DE-588)4042742-0
|0 (DE-627)106212834
|0 (DE-576)209052325
|2 gnd
|a Nürnberg
|
| 689 |
0 |
1 |
|d g
|0 (DE-588)4061529-7
|0 (DE-627)106135341
|0 (DE-576)209140232
|2 gnd
|a Ulm
|
| 689 |
0 |
2 |
|d s
|0 (DE-588)4120568-6
|0 (DE-627)105775584
|0 (DE-576)209536209
|2 gnd
|a Kirchliche Stiftung
|
| 689 |
0 |
3 |
|d s
|0 (DE-588)4048946-2
|0 (DE-627)104364165
|0 (DE-576)209079851
|2 gnd
|a Reformation
|
| 689 |
0 |
4 |
|q z
|2 gnd
|a Geschichte 1522-1635
|
| 689 |
0 |
5 |
|d s
|0 (DE-588)4128542-6
|0 (DE-627)104465662
|0 (DE-576)20960297X
|2 gnd
|a Quellenkritik
|
| 689 |
0 |
|
|5 DE-101
|
| 689 |
1 |
0 |
|d g
|0 (DE-588)4042742-0
|0 (DE-627)106212834
|0 (DE-576)209052325
|2 gnd
|a Nürnberg
|
| 689 |
1 |
1 |
|d g
|0 (DE-588)4061529-7
|0 (DE-627)106135341
|0 (DE-576)209140232
|2 gnd
|a Ulm
|
| 689 |
1 |
2 |
|d s
|0 (DE-588)4120568-6
|0 (DE-627)105775584
|0 (DE-576)209536209
|2 gnd
|a Kirchliche Stiftung
|
| 689 |
1 |
3 |
|d s
|0 (DE-588)4048946-2
|0 (DE-627)104364165
|0 (DE-576)209079851
|2 gnd
|a Reformation
|
| 689 |
1 |
4 |
|q z
|2 gnd
|a Geschichte 1522-1635
|
| 689 |
1 |
|
|5 (DE-627)
|
| 710 |
2 |
|
|e Verlag
|0 (DE-588)2009855-8
|0 (DE-627)101670850
|0 (DE-576)191647098
|4 pbl
|a Evangelische Verlagsanstalt
|
| 710 |
2 |
|
|e Grad-verleihende Institution
|0 (DE-588)2042107-2
|0 (DE-627)102768404
|0 (DE-576)191919101
|4 dgg
|a Augustana-Hochschule
|g Neuendettelsau
|b Dozentenkollegium
|
| 751 |
|
|
|a Neuendettelsau
|0 (DE-588)4041749-9
|0 (DE-627)106217798
|0 (DE-576)209046589
|4 uvp
|
| 776 |
1 |
|
|z 9783374071142
|c PDF
|
| 776 |
0 |
8 |
|i Erscheint auch als
|n Online-Ausgabe
|z 9783374071142
|
| 787 |
0 |
8 |
|i Rezensiert in
|a Vogel, Lothar, 1966 -
|t [Rezension von: Will, Katharina, 1989-, Stiftungen und Reformation]
|d 2022
|w (DE-627)1851029885
|
| 787 |
0 |
8 |
|i Rezensiert in
|a Lothar Vogel
|t [Stiftungen und Reformation], in: Zeitschrift für bayerische Kirchengeschichte
|g 91 (2022), Seite 425-427
|
| 830 |
|
0 |
|a Arbeiten zur Kirchen- und Theologiegeschichte
|v Band 58
|9 58
|w (DE-627)324489560
|w (DE-576)051614162
|w (DE-600)2027702-7
|x 1430-0583
|7 am
|
| 856 |
4 |
2 |
|u http://deposit.dnb.de/cgi-bin/dokserv?id=bf9681ce0e1f4b74a1a27160136b8b25&prov=M&dok_var=1&dok_ext=htm
|m X:MVB
|q text/html
|v 2021-11-10
|x Verlag
|3 Inhaltstext
|7 1
|
| 856 |
4 |
2 |
|u https://swbplus.bsz-bw.de/bsz1777205700inh.htm
|m V:DE-576
|m B:DE-21
|v 20220603194344
|3 Inhaltsverzeichnis
|7 1
|
| 856 |
4 |
2 |
|u https://swbplus.bsz-bw.de/bsz1777205700kla.htm
|m V:DE-576
|m B:DE-21
|v 20220603194344
|3 Klappentext
|7 1
|
| 935 |
|
|
|a mteo
|a BWLB
|a RFBW
|a FBGO
|
| 936 |
r |
v |
|a BP 3500
|b Gesamtdarstellungen
|k Theologie und Religionswissenschaften
|k Evangelische Kirchengeschichte
|k Evangelische Kirchengeschichte Deutschlands
|k Innerlutherische Streitigkeiten, katholische Reform und Gegenreformation (1555-1648)
|k Gesamtdarstellungen
|0 (DE-627)1272616525
|0 (DE-625)rvk/14992:
|0 (DE-576)202616525
|
| 936 |
r |
v |
|a BQ 8120
|b Reformation
|k Theologie und Religionswissenschaften
|k Evangelische Praktische Theologie
|k Diakonie
|k Geschichte der Diakonie
|k Reformation
|0 (DE-627)1272624382
|0 (DE-625)rvk/15663:
|0 (DE-576)202624382
|
| 936 |
b |
k |
|a 11.54
|j Katholizismus
|0 (DE-627)106402668
|
| 936 |
b |
k |
|a 11.55
|j Protestantismus
|0 (DE-627)106403907
|
| 936 |
b |
k |
|a 11.73
|j Kirchenorganisation
|x Religionswissenschaft
|q DA-3
|0 (DE-627)106402617
|
| 951 |
|
|
|a BO
|
| CAN |
|
|
|a 1
|
| ELC |
|
|
|b 1
|
| ITA |
|
|
|a 1
|t 1
|
| LOK |
|
|
|0 000 xxxxxcx a22 zn 4500
|
| LOK |
|
|
|0 001 413023885X
|
| LOK |
|
|
|0 003 DE-627
|
| LOK |
|
|
|0 004 1777205700
|
| LOK |
|
|
|0 005 20220525132131
|
| LOK |
|
|
|0 008 220509||||||||||||||||ger|||||||
|
| LOK |
|
|
|0 040
|a DE-21
|c DE-627
|d DE-21
|
| LOK |
|
|
|0 852
|a DE-21
|
| LOK |
|
|
|0 852 1
|c 62 A 2768
|9 00
|
| LOK |
|
|
|0 935
|a theo
|
| LOK |
|
|
|0 938
|a 2205
|f 2
|
| LOK |
|
|
|0 939
|a 09-05-22
|b l01
|
| LOK |
|
|
|0 000 xxxxxcx a22 zn 4500
|
| LOK |
|
|
|0 001 4191013262
|
| LOK |
|
|
|0 003 DE-627
|
| LOK |
|
|
|0 004 1777205700
|
| LOK |
|
|
|0 005 20250127142421
|
| LOK |
|
|
|0 008 220916||||||||||||||||ger|||||||
|
| LOK |
|
|
|0 040
|a DE-Tue135
|c DE-627
|d DE-Tue135
|
| LOK |
|
|
|0 092
|o n
|
| LOK |
|
|
|0 852
|a DE-Tue135
|
| LOK |
|
|
|0 852 1
|9 00
|
| LOK |
|
|
|0 866
|x SPQUE#Reformationsgeschichtliche Forschungsbibliothek Wittenberg#SPSAM#Neubestand(2018-2023)
|
| LOK |
|
|
|0 866
|x SPQUE#Forschungsbibliothek Gotha#SPSAM#Bestand Theologie (bis 2024-03)
|
| LOK |
|
|
|0 935
|a ixbt
|a RFBW
|a rfne
|a FBGO
|a goth
|
| LOK |
|
|
|0 936ln
|0 1442053003
|a RA
|
| LOK |
|
|
|0 936ln
|0 1442053151
|a RF
|
| LOK |
|
|
|0 939
|a 16-09-22
|b l01
|
| ORI |
|
|
|a SA-MARC-ixtheoa001.raw
|
| REF |
|
|
|a Reformationsgeschichte
|
| REL |
|
|
|a 1
|
| STA |
0 |
0 |
|a Church foundation,Endowment,Foundation,Foundation,Institution,Institution,Nuremberg,Reformation,Reformation,Reformation in art,Source criticism
|
| STB |
0 |
0 |
|a Critique des sources,Fondation,Fondation pieuse,Réforme protestante,Réforme protestante
|
| STC |
0 |
0 |
|a Crítica de las fuentes,Fundación,Fundación eclesial,Reforma,Reforma
|
| STD |
0 |
0 |
|a Critica delle fonti,Fondazione,Fondazione ecclesiastica,Riforma protestante,Riforma protestante
|
| STE |
0 |
0 |
|a 基金会,宗教改革,宗教改革,教会基金,来源批判
|
| STF |
0 |
0 |
|a 來源批判,基金會,宗教改革,宗教改革,教會基金
|
| STG |
0 |
0 |
|a Crítica das fontes,Fundação,Fundação eclesial,Reforma,Reforma
|
| STH |
0 |
0 |
|a Критика источников,Реформация (мотив),Реформация,Фонд,Церковный фонд
|
| STI |
0 |
0 |
|a Ίδρυμα,Εκκλησιαστικό ίδρυμα,Κριτική των πηγών,Προτεσταντική μεταρρύθμιση (μοτίβο),Προτεσταντική μεταρρύθμιση
|
| SUB |
|
|
|a CAN
|a REL
|
| SYE |
0 |
0 |
|a Réforme (histoire religieuse),Reformation , Stiftungen
|
| SYF |
0 |
0 |
|a Nürenberg,Njurnberg,Stadt der Reichsparteitage,Stadt der Reichsparteitage Nürnberg,Stadtgemeinde Nürnberg,Norymberga,Nbg.,Freie Reichsstadt Nürnberg,Nuremberg,Nurmberg,Norimberga,Noriberga,Stadt Nürnberg,Norimberk,Norinberga,Norimbergae,Noremberga,Noribergae,Nürmberg , Stadt Ulm,Ulm an der Donau,Ulm, Donau,Ulma,Alcimoënnis
|
| SYG |
0 |
0 |
|a Nürenberg,Njurnberg,Stadt der Reichsparteitage,Stadt der Reichsparteitage Nürnberg,Stadtgemeinde Nürnberg,Norymberga,Nbg.,Freie Reichsstadt Nürnberg,Nuremberg,Nurmberg,Norimberga,Noriberga,Stadt Nürnberg,Norimberk,Norinberga,Norimbergae,Noremberga,Noribergae,Nürmberg , Stadt Ulm,Ulm an der Donau,Ulm, Donau,Ulma,Alcimoënnis , Kirche , Réforme (histoire religieuse),Reformation , Nürenberg,Njurnberg,Stadt der Reichsparteitage,Stadt der Reichsparteitage Nürnberg,Stadtgemeinde Nürnberg,Norymberga,Nbg.,Freie Reichsstadt Nürnberg,Nuremberg,Nurmberg,Norimberga,Noriberga,Stadt Nürnberg,Norimberk,Norinberga,Norimbergae,Noremberga,Noribergae,Nürmberg , Stadt Ulm,Ulm an der Donau,Ulm, Donau,Ulma,Alcimoënnis , Kirche , Réforme (histoire religieuse),Reformation
|
| TIM |
|
|
|a 100015220101_100016351231
|b Geschichte 1522-1635
|